| 000 | 00475cam a2200193ua 4500 | ||
|---|---|---|---|
| 001 | 317 | ||
| 008 | 110329n ii |||gr||||Z||||||eng | ||
| 040 | _cMAIN | ||
| 082 | _a320 | ||
| 245 | 0 | 1 |
_aIntroduction of political science. _cBy C. H. Dillon. |
| 250 | _a1st. | ||
| 260 |
_aNew Delhi.: _bEast west press.,958. |
||
| 300 | _avi, 298 p.:6 cm. | ||
| 653 | _aPolitical science | ||
| 700 | 1 | _aDillon, C. H., | |
| 700 | 1 | _aLeiden, C., | |
| 700 | 1 | _aStewart P.D., | |
| 942 | _cBK | ||
| 999 |
_c268 _d268 |
||